taco hemingay quiz - Statystyki

Ogólne statystyki
  • Ten quiz został rozwiązany 623 razy
  • Średni wynik to 11 z 15
Statystyki odpowiedzi
% Poprawnych
nazwisko filipa szcześniaka Szcześniak
99%
gdzie sie urodził. Kair Egipt
93%
o kim mowa w albumie "trójkąt warszawski"w prawie każdym kawałku Piotr
88%
dokończ wers piosenki: "mama pyta czy chcęjakiś przelew, ..." mówię bardzo proszę/mówię nie dziękuję
80%
najlepszy kawałek na płycie 1800 oświeceń grzyby ft.mata,young multi
76%
o czym śpiewa taco hemingay w utworze "awizo" o awizo
74%
kogo sluchał taco jadąc furą przez warszawe Edyta Bartosiewicz
70%
Ile w kokainie błonnika? 0g
68%
w tym utworze wypili jego krew na hejnał Café Belga
67%
ile trwała przerwa pomiędzy albumem "europa" a"18-00 oswiecene" 1000 dni
65%
kiedy legło małżeństwo rodziców pana Szcześniaka? 2004
65%
ile solowych albumów wydał taco hemingway 13
64%
główny antagonista albumu "Marmur" pociągowy współpasażer
60%
kim był taoc przed rapem tłumaczem
54%
którym tramwajem taco jechał na mokotów? 35
53%
Nie znaleziono quizów pasujących do podanych kryteriów
Rozkład punktacji
Procent ludzi z każdym wynikiem
Percentyl według liczby udzielonych odpowiedzi
Twoja historia wyników
Nie rozwiązałeś tego quizu